000 00679nam a2200205Ii 4500
003 JO-AjNU
008 230605s9999||||xx |||||||||||||| ||und||
040 _aJO-AjNU
_bara
_erda
_cJO-AjNU
041 _aara
050 1 4 _aAC106.A2896.1983
100 3 _aأبو شوشة،يوسف,
_eauthor
_99506
245 0 0 _aمشكلات معاصرة
250 _aط2
264 3 1 _aعمان:دار العدوي للطباعة والنشر والتوزيع،1983
300 _a163ص
336 _atext
_btxt
_2rdacontent
337 _aunmediated
_bn
_2rdamedia
338 _avolume
_bnc
_2rdacarrier
650 4 _aالمشاكل الاجتماعية-شباب-احوال اجتماعية
_99507
999 _aA1336
_c4904
_d4904